Cẩm nang nhà kinh doanh chứng khoán tại Việt Nam
Những vấn đề cơ bản về thị trường chứng khoán. Tham khảo luật pháp thị trường chứng khoán nước ngoài. Hàng hoá trên thị trường chứng khoán thế giới. Sự ra đời của thị trường chứng khoán Việt Nam. Trung tâm giao dịch chứng khoán....
Na minha lista:
| Autor principal: | |
|---|---|
| Formato: | Livro |
| Idioma: | Undetermined |
| Publicado em: |
Hà Nội
Khoa học và Kỹ thuật
2000
|
| Assuntos: | |
| Tags: |
Adicionar Tag
Sem tags, seja o primeiro a adicionar uma tag!
|
| Thư viện lưu trữ: | Trung tâm Học liệu Trường Đại học Cần Thơ |
|---|
| LEADER | 01100nam a2200217Ia 4500 | ||
|---|---|---|---|
| 001 | CTU_39776 | ||
| 008 | 210402s9999 xx 000 0 und d | ||
| 020 | |c 42000 | ||
| 082 | |a 332.642 | ||
| 082 | |b Th527 | ||
| 100 | |a Bùi, Viết Thuyên | ||
| 245 | 0 | |a Cẩm nang nhà kinh doanh chứng khoán tại Việt Nam | |
| 245 | 0 | |c Bùi Viết Thuyên | |
| 260 | |a Hà Nội | ||
| 260 | |b Khoa học và Kỹ thuật | ||
| 260 | |c 2000 | ||
| 520 | |a Những vấn đề cơ bản về thị trường chứng khoán. Tham khảo luật pháp thị trường chứng khoán nước ngoài. Hàng hoá trên thị trường chứng khoán thế giới. Sự ra đời của thị trường chứng khoán Việt Nam. Trung tâm giao dịch chứng khoán. | ||
| 650 | |a Bank marketing,Banks and banking,Banks and banking,Investment banking,Securities,Security market,Stock exchanges | ||
| 650 | |x Securities processing,Securities processing | ||
| 904 | |i Minh | ||
| 980 | |a Trung tâm Học liệu Trường Đại học Cần Thơ | ||